• 首页
  • 本馆介绍
  • 公告通知
  • 最新文献
  • 馆藏检索
  • 电子资源
  • 读者导购
  • 参考咨询
  • 我的图书馆
  • 登录
  • 详细信息显示
  • 放入我的书架
  • 预约/预借图书
  • 作者相关作品
  • 分类相关作品
  • 丛书相关作品
  • 出版社相关作品

书目信息

  • 表格格式
  • 工作单格式
  • 卡片格式
题名:
甲午中日陆战史
    
 
作者: 孙克复 , 关捷 编
分册:  
出版信息: 哈尔滨   黑龙江人民出版社  1984
页数: 421页
开本: 21cm
丛书名:
单 册:
中图分类: K256.3
科图分类:
主题词: 陆军-中日甲午战争(1894~1895) , 中日甲午战争(1894~1895)-陆军
电子资源:
ISBN:
000 00703nam0 2200253 45
001 0184013108
005 20060727105806.81
010    @dCNY2.15
091    @aCN@b11093.119
100    @a19950622d1984 em y0chiy0121 ea
101 0  @achi
102    @aCN@b230000
105    @af z 000yy
200 10 @a甲午中日陆战史@Ajia wu zhong ri lu zhan shi@f孙克复,关捷编
210    @a哈尔滨@c黑龙江人民出版社@d1984
215    @a421页@c照片@d21cm
606    @a陆军-中日甲午战争(1894~1895)
606    @a中日甲午战争(1894~1895)-陆军
690    @aK256.3@v3
701  0 @a孙克复@Asun ke fu@4编
701  0 @a关捷@Aguan jie@4编
801  2 @aCN@bNLC@c20060727
801  0 @aCN@bTSSF
905    @a10447@dK256.3@e33
    
    甲午中日陆战史/孙克复,关捷编.-哈尔滨:黑龙江人民出版社,1984
    421页:照片;21cm
    
    
    ISBN :CNY2.15
    
●
相关链接 在E读中查询图书 在五车中查询图书 在当当中查询图书 在豆瓣中查询图书


正题名:甲午中日陆战史     索取号:K256.3/33         预约/预借

序号 登录号 条形码 馆藏地/架位号 状态 备注
1 0436617   204366177   密集书库/ [索取号:K256.3/33] 在馆    
唐山师范学院图书馆 欢迎您!
大连网信软件有限公司© 版权所有